|
|
|
|
| LEADER |
02207nam a2200421 a 4500 |
| 001 |
000000057 |
| 005 |
20260219110910.0 |
| 008 |
000427s1696 xo e lat |
| FMT |
|
|
|
| 040 |
|
|
|a SVKKK
|b slo
|c SVKKK
|e AACR2
|
| 041 |
0 |
|
|a lat
|
| 044 |
|
|
|a xo
|c SK
|
| 080 |
|
|
|a 347(094.1)
|
| 080 |
|
|
|a 347(439.5)
|
| 130 |
0 |
|
|a Decreta
|
| 245 |
0 |
0 |
|a Decreta, Constitutiones :
|b Tomus Tertius, Continens Decreta, Constitutiones, Et Articulos Regum Inclyti Regni Ungariae. Ab Anno Domini Millesimo, Quingentesimo, Octuagesimo Quinto, usqué ad Annum Millesimum, Sexcentesimum Octuagesimum Septimum, inclusivé.
|
| 260 |
|
|
|a Tyrnaviae :
|b Typis Academicis, per Joannem Andream Hörmann,
|c Anno M. DC. XCVI [= 1696]
|
| 300 |
|
|
|a 558,[22] s. A/6-I/6,K/4-Z/4,Aa/4-Zz/4,Aaa/4-Yyy/4 [=290] list.
|c 6°,4°. 31x21 cm
|
| 500 |
|
|
|a Vinety ornam., linky ozdobné, inic. s ornam. pozadím v rámčeku na 10 r., inic. s ornam. pozadím vo voľ. priestore na 4 r., verz. vo voľ. priestore na 1,2 r., erb Uhorska, tlač. marginálie v lat. jaz., tlač dvojstĺpcová, kustódy.
|
| 508 |
|
|
|a Na zl. Yyy/1-Yyy/4 zoznam uhorských kráľov, žúp a arcibiskupstiev, zoznam ostrihomských arcibiskupov a zoznam uhorských palatínov.
|
| 510 |
4 |
|
|a Szabó II/502 [pod Corpus]; Hanakovič III/1396 [pod Verböczy, I.]; Telgársky 594/4342 [pod Verböczi, I.]; Kolodziejský 369/2487 [pod Verböczy, I.]; Pumprla 92/143[pod Corpus]; Dokoupil 41/161 [pod Corpus]; Zelliger 38 [pod Corpus]; Podmanická 0; Telgársky/Bánska 0; Rizner 0; Uherková 0.
|
| 561 |
|
|
|a Peč.: Štátna vedecká knižnica v Košiciach.
|
| 501 |
|
|
|a Prív. 2. k.: VERBŐCI, Š.: Corpus Juris Hungarici. Tyrnaviae 1696. 6°.
|
| 653 |
1 |
|
|a právo
|
| 653 |
1 |
|
|a právo uhorské
|
| 653 |
2 |
|
|a artikuly
|
| 653 |
2 |
|
|a dekréty
|
| 653 |
2 |
|
|a konštitúcie
|
| 700 |
1 |
|
|a Hörmann, Ján Andrej,
|d 1693-1703
|4 prt
|
| 710 |
0 |
|
|a Akademická tlačiareň - Hörmann, Ján Andrej
|c Trnava
|d 1693-1704
|4 prt
|
| 752 |
|
|
|a Slovensko
|d Trnava
|
| 852 |
|
|
|p GR 498 prív. 2.
|
| 904 |
|
|
|a acfn ada yyyb 0001
|
| 905 |
|
|
|a bc a1cb
|
| 910 |
|
|
|a svkkk
|
| 998 |
|
|
|a TRNTL
|
| BAS |
|
|
|
| LKR |
|
|
|a UP
|b 55
|l HIS01
|n Corpus Juris Hungarici
|m Decreta, Constitutiones
|